书目信息 |
| 题名: |
美学的理论
|
|
| 作者: | 克罗齐 著 ;田时纲 译 | |
| 分册: | ||
| 出版信息: | 北京 中国人民大学出版社 2014.04 |
|
| 页数: | 161页 | |
| 开本: | 24cm | |
| 丛书名: | 当代世界学术名著 | |
| 单 册: | ||
| 中图分类: | B83-0 | |
| 科图分类: | ||
| 主题词: | 美学理论--mei xue li lun | |
| 电子资源: | ||
| ISBN: | 978-7-300-19050-1 | |
| 000 | 01031nam 2200265 450 | |
| 001 | 2045618945 | |
| 005 | 20201106124026.06 | |
| 010 | @a978-7-300-19050-1@dCNY32.00 | |
| 100 | @a20140426d2014 em y0chiy50 ea | |
| 101 | 1 | @achi@cita |
| 102 | @aCN@b110000 | |
| 105 | @ay z 000yy | |
| 200 | 1 | @a美学的理论@Amei xue de li lun@f(意) 贝内德托·克罗齐著@d= Estetica Ⅰ——teoria@fBenedetto Croce@g田时纲译@zita |
| 210 | @a北京@c中国人民大学出版社@d2014.04 | |
| 215 | @a161页@d24cm | |
| 225 | 2 | @a当代世界学术名著@Adang dai shi jie xue shu ming zhu@h第一批 |
| 330 | @a本书集西方古典美学之大成, 开现代西方美学之先河。主要内容包括: 直觉与表现、直觉与艺术、艺术与哲学、美学中的历史主义与理智主义等。 | |
| 410 | 0 | @12001 @a当代世界学术名著@h第一批 |
| 500 | 10 | @aEstetica Ⅰ——teoria@mChinese |
| 606 | 0 | @a美学理论@Amei xue li lun |
| 690 | @aB83-0@v5 | |
| 701 | 1 | @a克罗齐@Ake luo qi@g(Croce, Benedetto),@f1866-1952@4著 |
| 702 | 0 | @a田时纲@Atian shi gang@4译 |
| 801 | 0 | @aCN@b人天书店@c20201024 |
| 905 | @aZUCC@dB83-0@eK665 | |
| 美学的理论/(意) 贝内德托·克罗齐著= Estetica Ⅰ——teoria/Benedetto Croce/田时纲译.-北京:中国人民大学出版社,2014.04 |
| 161页;24cm.-(当代世界学术名著.第一批) |
| ISBN 978-7-300-19050-1:CNY32.00 |
| 本书集西方古典美学之大成, 开现代西方美学之先河。主要内容包括: 直觉与表现、直觉与艺术、艺术与哲学、美学中的历史主义与理智主义等。 |
| ● |
| 相关链接 |
|
|
|
正题名:美学的理论
索取号:B83-0/K665
 
预约/预借
| 序号 | 登录号 | 条形码 | 馆藏地/架位号 | 状态 | 备注 |
| 1 | 1482106 | 214821068 | 社科库509/509社科库 33排1列2层/ [索取号:B83-0/K665] | 在馆 | |
| 2 | 1482107 | 214821077 | 社科库509/509社科库 33排1列2层/ [索取号:B83-0/K665] | 在馆 | |
| 3 | 1482108 | 214821086 | 社科库509/509社科库 33排1列2层/ [索取号:B83-0/K665] | 在馆 |